| 000 | 00351nam a2200133 a 4500 | ||
|---|---|---|---|
| 001 | 6023 | ||
| 003 | CDMR | ||
| 005 | 20130220142515.0 | ||
| 008 | 130220s1995||||||||||||||||||||||||||||d | ||
| 040 |
_aCDMR _bcat _cCPC LLEIDA |
||
| 245 | 3 |
_aEl tren de la Pobla _cNEBOT, Antoni, URGELES, Oscar; CASTRO, joan |
|
| 260 |
_aLleida _bRibera&Rius _c1995 |
||
| 942 | _cMON | ||
| 999 |
_c6023 _d6023 |
||